| 000 | 00850nam a2200265 i 4500 | ||
|---|---|---|---|
| 003 | EG-ScBUE | ||
| 005 | 20260419093942.0 | ||
| 008 | 090423t20082006ii a f b 001 0 eng d | ||
| 040 |
_aEG-ScBUE _beng _erda _cEG-ScBUE _dEG-ScBUE |
||
| 082 | 0 | 4 |
_222 _a551.48 _bRAG |
| 100 | 1 |
_aRaghunath, H. M., _eauthor. _94095 |
|
| 245 | 1 | 0 |
_aHydrology : _bprinciples. analysis. design / _cH. M. Raghunath |
| 250 | _aRevised second edition. | ||
| 250 | _aReprint edition. | ||
| 264 | 1 |
_aNew Delhi : _bNew Age International, _c2008. |
|
| 300 | 4 | i |
_a463 pages : _billustrations ; _c33 cm. |
| 336 |
_2rdacontent _atext _btxt |
||
| 337 |
_aunmediated _2rdamedia _bn |
||
| 338 |
_avolume _bnc _2rdacarrier |
||
| 490 | 0 | _aNew age | |
| 504 | _aIncludes bibliographical references and index. | ||
| 650 | 7 |
_aHydrology. _2BUEsh |
|
| 655 | _vReading book | ||
| 942 |
_2ddc _cBB |
||
| 999 |
_c11391 _d11391 |
||